|
|
|
|
| LEADER |
02546nam a2200661 4500 |
| 001 |
ocn913514527 |
| 003 |
OCoLC |
| 005 |
20170124071056.5 |
| 006 |
m o d |
| 007 |
cr ||||||||||| |
| 008 |
150707s2015 nju ob 001 0 eng |
| 010 |
|
|
|a 2015026722
|
| 040 |
|
|
|a DLC
|b eng
|e rda
|c DLC
|d OCLCF
|d N$T
|d DG1
|d IDEBK
|d YDXCP
|d CDX
|d COO
|d DEBBG
|d KSU
|d DEBSZ
|d GrThAP
|
| 019 |
|
|
|a 961459044
|
| 020 |
|
|
|a 9781118949979 (ePub)
|
| 020 |
|
|
|a 1118949978 (ePub)
|
| 020 |
|
|
|a 9781118951095 ( ePub)
|
| 020 |
|
|
|a 1118951093 ( ePub)
|
| 020 |
|
|
|a 9781118949962 (Adobe PDF)
|
| 020 |
|
|
|a 111894996X (Adobe PDF)
|
| 020 |
|
|
|z 9781118949955 (cloth)
|
| 020 |
|
|
|a 9781118949986
|
| 020 |
|
|
|a 1118949986
|
| 020 |
|
|
|a 1118949951 (cloth)
|
| 020 |
|
|
|a 9781118949955 (cloth)
|
| 029 |
1 |
|
|a GBVCP
|b 855967439
|
| 029 |
1 |
|
|a DEBBG
|b BV043738011
|
| 029 |
1 |
|
|a DEBSZ
|b 480346534
|
| 035 |
|
|
|a (OCoLC)913514527
|z (OCoLC)961459044
|
| 042 |
|
|
|a pcc
|
| 043 |
|
|
|a e-uk---
|
| 050 |
0 |
0 |
|a GB5008.G69
|
| 072 |
|
7 |
|a SCI
|x 030000
|2 bisacsh
|
| 072 |
|
7 |
|a SCI
|x 031000
|2 bisacsh
|
| 082 |
0 |
0 |
|a 551.55/4
|2 23
|
| 049 |
|
|
|a MAIN
|
| 100 |
1 |
|
|a Doe, Robert,
|e author.
|
| 245 |
1 |
0 |
|a Extreme weather :
|b forty years of research /
|c by the Tornado and Storm Research Organisation ; Robert K. Doe.
|
| 264 |
|
1 |
|a Hoboken, NJ :
|b John Wiley & Sons Inc.,
|c [2015]
|
| 300 |
|
|
|a 1 online resource.
|
| 336 |
|
|
|a text
|2 rdacontent
|
| 337 |
|
|
|a computer
|2 rdamedia
|
| 338 |
|
|
|a online resource
|2 rdacarrier
|
| 504 |
|
|
|a Includes bibliographical references and index.
|
| 520 |
|
|
|a "This book will be aimed primarily at researchers in the field of meteorology and climatology looking for a reference to extreme weather in the UK."--Provided by publisher.
|
| 588 |
|
|
|a Description based on print version record and CIP data provided by publisher.
|
| 650 |
|
0 |
|a Climatic extremes
|z Great Britain.
|
| 650 |
|
0 |
|a Weather.
|
| 650 |
|
7 |
|a Climatic extremes.
|2 fast
|0 (OCoLC)fst00864275
|
| 650 |
|
7 |
|a Weather.
|2 fast
|0 (OCoLC)fst01173087
|
| 650 |
|
7 |
|a SCIENCE / Earth Sciences / Geography
|2 bisacsh
|
| 650 |
|
7 |
|a SCIENCE / Earth Sciences / Geology
|2 bisacsh
|
| 651 |
|
7 |
|a Great Britain.
|2 fast
|0 (OCoLC)fst01204623
|
| 655 |
|
4 |
|a Electronic books.
|
| 710 |
2 |
|
|a Tornado and Storm Research Organisation,
|e author.
|
| 776 |
0 |
8 |
|i Print version:
|a Doe, Robert, author.
|t Extreme weather
|d Hoboken, NJ : John Wiley & Sons Inc., [2015]
|z 9781118949955
|w (DLC) 2015018780
|
| 856 |
4 |
0 |
|u https://doi.org/10.1002/9781118949986
|z Full Text via HEAL-Link
|
| 994 |
|
|
|a 92
|b DG1
|